000 00499nam a2200169 i 4500
001 31526
003 ES-MaACL
005 20230906154409.0
007 t|
008 030129s1919 xxu ||||1| eng d
100 1 _aBelasco, David.
_927120
245 1 4 _aThe theatre through its stage door /
_cby David Belasco ; edited by Louis V. Defoe.
260 _aNew York :
_bHarper and Brothers,
_c1919.
300 _a246 p. ;
_c22 cm.
700 1 _aDefoe, Louis Vicent.
_943205
852 _aES-MaACL
_jF-1849
999 _c31526
_d31526